Statistiques concernant Pays par images partielles de drapeaux #4

Cliquez ici pour prendre le quiz!

Statistiques générales

  • Ce quiz a été pris 22 902 fois
  • Le résultat moyen est 11 sur 16

Statistiques - réponses

Réponse% Correct
Argentine
99%
Maroc
95%
Tunisie
94%
Chypre
91%
Liban
87%
Islande
80%
Nouvelle-Zélande
77%
Slovénie
69%
Barbade
58%
Monténégro
56%
Andorre
55%
République Dominicaine
44%
Kiribati
43%
Malawi
41%
Taïwan
40%
Bolivie
25%

Distribution des résultats

Percentile par nombre de réponses

% des personnes avec chaque résultat

Votre développement - résultats

Vous n’avez pas pris ce quiz